<?xml version='1.0' encoding='UTF-8'?>
  <record xmlns="http://www.loc.gov/MARC21/slim">
    <leader>00000cam a2200000 i 4500</leader>
    <controlfield tag="001">ocm69147406</controlfield>
    <controlfield tag="003">OCoLC</controlfield>
    <controlfield tag="005">20250713100158.2</controlfield>
    <controlfield tag="008">950308s1576    gw            000 0 lat d</controlfield>
    <datafield tag="040" ind1=" " ind2=" ">
      <subfield code="a">NLGGC</subfield>
      <subfield code="b">eng</subfield>
      <subfield code="e">rda</subfield>
      <subfield code="e">dcrmr</subfield>
      <subfield code="c">NLGGC</subfield>
      <subfield code="d">QGJ</subfield>
      <subfield code="d">OCLCA</subfield>
      <subfield code="d">QGJ</subfield>
      <subfield code="d">OCLCQ</subfield>
      <subfield code="d">OCLCO</subfield>
      <subfield code="d">OCLCA</subfield>
      <subfield code="d">QGJ</subfield>
      <subfield code="d">OCLCA</subfield>
      <subfield code="d">OCLCQ</subfield>
      <subfield code="d">OCLCL</subfield>
      <subfield code="d">QGJ</subfield>
      <subfield code="d">OCLCO</subfield>
      <subfield code="d">QGJ</subfield>
      <subfield code="d">OCLCO</subfield>
      <subfield code="d">OCLCL</subfield>
    </datafield>
    <datafield tag="029" ind1="0" ind2=" ">
      <subfield code="a">NLGGC</subfield>
      <subfield code="b">134030923</subfield>
    </datafield>
    <datafield tag="029" ind1="1" ind2=" ">
      <subfield code="a">ZWZ</subfield>
      <subfield code="b">142958263</subfield>
    </datafield>
    <datafield tag="035" ind1=" " ind2=" ">
      <subfield code="a">(OCoLC)69147406</subfield>
    </datafield>
    <datafield tag="082" ind1="0" ind2="4">
      <subfield code="a">281.6</subfield>
      <subfield code="q">OCoLC</subfield>
      <subfield code="1">https://id.oclc.org/worldcat/ddc/E3JyKwdtQc89dQfTyv8TkgY7xp</subfield>
    </datafield>
    <datafield tag="100" ind1="1" ind2=" ">
      <subfield code="a">Herdesianus, Christoph,</subfield>
      <subfield code="d">1523-1585,</subfield>
      <subfield code="e">author.</subfield>
      <subfield code="4">aut</subfield>
      <subfield code="1">https://id.oclc.org/worldcat/entity/E39PBJr7VfYyhHG8MQ6YRmYMfq</subfield>
    </datafield>
    <datafield tag="245" ind1="1" ind2="0">
      <subfield code="a">Refutatio dogmatis de fictitia carnis Christi omnipraesentia, &amp; reali idiomatum in ipsis naturis communicatione, :</subfield>
      <subfield code="b">ex verbo Dei, &amp; perpetuo Ecclesiae aduerius Nestorium &amp; Eutychetem consensu. /</subfield>
      <subfield code="c">Auctore Christiano Hessiandro. Cum Theodori Bezae Vezelii praefatione, in qua paucis de eodem argumento disseritur.</subfield>
    </datafield>
    <datafield tag="246" ind1="3" ind2=" ">
      <subfield code="a">Refvtatio dogmatis de fictitia carnis Christi omnipraesentia</subfield>
    </datafield>
    <datafield tag="264" ind1=" " ind2="1">
      <subfield code="a">Heidelbergae :</subfield>
      <subfield code="b">apud Ioannem Maier,</subfield>
      <subfield code="c">M.D.LXXVI. [1576]</subfield>
    </datafield>
    <datafield tag="300" ind1=" " ind2=" ">
      <subfield code="a">[66], 246 pages ;</subfield>
      <subfield code="c">16 cm (8vo)</subfield>
    </datafield>
    <datafield tag="336" ind1=" " ind2=" ">
      <subfield code="a">text</subfield>
      <subfield code="b">txt</subfield>
      <subfield code="2">rdacontent</subfield>
    </datafield>
    <datafield tag="337" ind1=" " ind2=" ">
      <subfield code="a">unmediated</subfield>
      <subfield code="b">n</subfield>
      <subfield code="2">rdamedia</subfield>
    </datafield>
    <datafield tag="338" ind1=" " ind2=" ">
      <subfield code="a">volume</subfield>
      <subfield code="b">nc</subfield>
      <subfield code="2">rdacarrier</subfield>
    </datafield>
    <datafield tag="340" ind1=" " ind2=" ">
      <subfield code="m">8vo</subfield>
      <subfield code="2">rdabf</subfield>
    </datafield>
    <datafield tag="500" ind1=" " ind2=" ">
      <subfield code="a">With printer's device and printer's slogan of Matthias Harnisch on title page: 'Ditat servata fides Mathes Harnisch'. Tetragrammaton in the device is reversed.</subfield>
    </datafield>
    <datafield tag="500" ind1=" " ind2=" ">
      <subfield code="a">At end of preface (leaf a1 recto): "Geneuae, VI. Ifus Martij, anno nouissimi temporis, siue postremae Dei nostri patientiae, M D LXXI".</subfield>
    </datafield>
    <datafield tag="500" ind1=" " ind2=" ">
      <subfield code="a">Signatures: A-D⁸ 8 a-p⁸ q⁴.</subfield>
    </datafield>
    <datafield tag="500" ind1=" " ind2=" ">
      <subfield code="a">With initials and printed marginalia.</subfield>
    </datafield>
    <datafield tag="505" ind1="0" ind2="0">
      <subfield code="t">De duplici corporis Christi apud Vbiquitistarum varias sectas Consideratione --</subfield>
      <subfield code="t">De communicatione idiomatum ex vnione personali, veteris Ecclesiae doctrina --</subfield>
      <subfield code="t">An quae de tota persona in concreto dicuntur, intelligantur secundum vtramque simul naturam --</subfield>
      <subfield code="t">Ad Deus dicatur in venitate personae passus, per realem praedicationem, &amp; communicationem idiomatum --</subfield>
      <subfield code="t">Responsio ad argumentum vbiquistarum, de omnipraesentia carnis ab vnione personali --</subfield>
      <subfield code="t">Responsio ad argumentum, quod dextera Dei, &amp; sessio Christi ad dexteram sit vbiq[ue].</subfield>
    </datafield>
    <datafield tag="510" ind1="4" ind2=" ">
      <subfield code="a">Verzeichnis der im deutschen Sprachbereich erschienenen Drucke des XVI. Jahrhunderts (VD 16),</subfield>
      <subfield code="c">H 2270</subfield>
      <subfield code="u">https://gateway-bayern.de/VD16+H+2270</subfield>
    </datafield>
    <datafield tag="650" ind1=" " ind2="0">
      <subfield code="a">Lord's Supper</subfield>
      <subfield code="x">Real presence.</subfield>
    </datafield>
    <datafield tag="650" ind1=" " ind2="0">
      <subfield code="a">Transubstantiation.</subfield>
    </datafield>
    <datafield tag="650" ind1=" " ind2="6">
      <subfield code="a">Eucharistie</subfield>
      <subfield code="x">Présence réelle.</subfield>
    </datafield>
    <datafield tag="650" ind1=" " ind2="6">
      <subfield code="a">Transsubstantiation.</subfield>
    </datafield>
    <datafield tag="650" ind1=" " ind2="7">
      <subfield code="a">transubstantiation (doctrinal concept)</subfield>
      <subfield code="2">aat</subfield>
    </datafield>
    <datafield tag="650" ind1=" " ind2="7">
      <subfield code="a">Lord's Supper</subfield>
      <subfield code="x">Real presence</subfield>
      <subfield code="2">fast</subfield>
    </datafield>
    <datafield tag="650" ind1=" " ind2="7">
      <subfield code="a">Transubstantiation</subfield>
      <subfield code="2">fast</subfield>
    </datafield>
    <datafield tag="700" ind1="1" ind2=" ">
      <subfield code="a">Bèze, Théodore de,</subfield>
      <subfield code="d">1519-1605,</subfield>
      <subfield code="e">writer of preface.</subfield>
      <subfield code="4">wpr</subfield>
      <subfield code="1">https://id.oclc.org/worldcat/entity/E39PBJpJjMbYHjK4FtVTmKCqQq</subfield>
    </datafield>
    <datafield tag="700" ind1="0" ind2=" ">
      <subfield code="a">Wilhelm</subfield>
      <subfield code="b">IV,</subfield>
      <subfield code="c">Landgrave of Hesse,</subfield>
      <subfield code="d">1532-1592,</subfield>
      <subfield code="e">dedicatee.</subfield>
      <subfield code="4">dte</subfield>
      <subfield code="1">https://id.oclc.org/worldcat/entity/E39PBJtcG3Vh7PX4JQHFvfhWDq</subfield>
    </datafield>
    <datafield tag="700" ind1="1" ind2=" ">
      <subfield code="a">Mayer, Johann,</subfield>
      <subfield code="d">1530-1578,</subfield>
      <subfield code="e">printer.</subfield>
      <subfield code="4">prt</subfield>
      <subfield code="1">https://id.oclc.org/worldcat/entity/E39PBJxrTP4pg8mqDmhDwkDwmd</subfield>
    </datafield>
    <datafield tag="700" ind1="1" ind2=" ">
      <subfield code="a">Harnisch, Matthias,</subfield>
      <subfield code="d">approximately 1535-1596,</subfield>
      <subfield code="e">printer.</subfield>
      <subfield code="4">prt</subfield>
      <subfield code="1">https://id.oclc.org/worldcat/entity/E39PBJjhywBCRHtvrD9VJHwXBP</subfield>
    </datafield>
    <datafield tag="752" ind1=" " ind2=" ">
      <subfield code="a">Germany</subfield>
      <subfield code="d">Heidelberg,</subfield>
      <subfield code="e">publication place.</subfield>
      <subfield code="4">pup</subfield>
    </datafield>
    <datafield tag="758" ind1=" " ind2=" ">
      <subfield code="i">has work:</subfield>
      <subfield code="a">Refutatio dogmatis de fictitia carnis Christi omnipraesentia (Text)</subfield>
      <subfield code="1">https://id.oclc.org/worldcat/entity/E39PCH7Yhr6Y9JXKFXYcdhDVT3</subfield>
      <subfield code="4">https://id.oclc.org/worldcat/ontology/hasWork</subfield>
    </datafield>
  </record>